000 00479cam a22001934a 4500
005 20250605164316.0
008 250528s ||||||||||||||||||||||||d
035 _a22702
020 _a9780415120029
040 _aGR-AtMCL
_bgre
_dGR-AtMCL
_eAACR2
245 1 _aENLARGEMENT AND INTEGRATION IN THE EUROPEAN UNION
250 _a1
260 _bRouledge,
_c1997
300 _a259
700 1 _aPreston Christopher
_98423
942 _cBK
999 _c7749
_d7749